[Event "Mumbai Mayors Cup 12th"]
[Site "Mumbai"]
[Date "2019.06.09"]
[Round "1"]
[White "Vantika, Agrawal"]
[Black "Adane, Narayani"]
[Result "1-0"]
[WhiteElo "2223"]
[BlackElo "1940"]
[PlyCount "103"]
[EventDate "2019.06.09"]
[EventType "swiss"]
[EventRounds "10"]
[EventCountry "IND"]
[SourceTitle "CBM 190 Extra"]
[Source "ChessBase"]
[SourceDate "2019.07.15"]
[SourceVersion "1"]
[SourceVersionDate "2019.07.15"]
[SourceQuality "1"]

1. d4 Nf6 2. c4 e6 3. g3 d5 4. Bg2 c6 5. Nf3 Be7 6. 0-0 0-0 7. Qc2 b6 8. b3 Bb7 9. Nc3 Nbd7 10. Rd1 Rc8 11. e4 h6 12. Bf4 Bb4 13. e5 Ne8 14. a3 Be7 15. h4 Nc7 16. Qb2 Re8 17. Rac1 Nf8 18. Be3 Qd7 19. c5 Red8 20. b4 Qe8 21. a4 Ba6 22. Qc2 Nh7 23. Re1 Bc4 24. Nd2 b5 25. axb5 cxb5 26. Ra1 a6 27. Nb3 Bxb3 28. Qxb3 Nf8 29. Qd1 Nd7 30. Bf1 Nb8 31. Bd3 Nc6 32. Rb1 Kh8 33. Bc2 Bf8 34. Qd3 g6 35. h5 Ne7 36. hxg6 fxg6 37. Kg2 Nf5 38. Bd2 Bg7 39. Rh1 Qe7 40. Ne2 Kg8 41. Nf4 Qf7 42. g4 Ne7 43. Nxg6 Nxg6 44. Qxg6 Qxg6 45. Bxg6 Rf8 46. f4 Rcd8 47. f5 exf5 48. gxf5 Ne8 49. Bxh6 Bxh6 50. Rxh6 Rd7 51. Rbh1 Rg7 52. Rh8# 1-0

[Event "Bhubaneswar op 12th"]
[Site "Bhubaneswar"]
[Date "2019.06.01"]
[Round "2"]
[White "Adane, Narayani"]
[Black "Malakhatko, Vadim"]
[Result "1/2-1/2"]
[WhiteElo "1940"]
[BlackElo "2512"]
[PlyCount "87"]
[EventDate "2019.05.31"]
[EventType "swiss"]
[EventRounds "10"]
[EventCountry "IND"]
[SourceTitle "CBM 190 Extra"]
[Source "ChessBase"]
[SourceDate "2019.07.15"]
[SourceVersion "1"]
[SourceVersionDate "2019.07.15"]
[SourceQuality "1"]

1. e4 e6 2. d4 d5 3. Nc3 h6 4. exd5 exd5 5. Bd3 c6 6. Nge2 Nf6 7. Bf4 Be7 8. 0-0 Nbd7 9. Ng3 g6 10. Re1 Kf8 11. Qd2 h5 12. Bh6+ Kg8 13. Nf5 Bf8 14. Bxf8 Nxf8 15. Ne7+ Kg7 16. Nxc8 Rxc8 17. Ne2 h4 18. Nf4 Nh5 19. c3 Qf6 20. Nxh5+ Rxh5 21. Be2 Rh8 22. Bg4 Rc7 23. Re5 Nh7 24. Rae1 Qd6 25. f4 Nf6 26. Bf3 h3 27. g3 Ne4 28. Bxe4 f6 29. Bc2 fxe5 30. dxe5 Qe6 31. f5 gxf5 32. Qg5+ Qg6 33. Qxg6+ Kxg6 34. g4 Kh6 35. Bxf5 Kg5 36. Kf2 Kf4 37. e6 Re7 38. Re3 c5 39. Rf3+ Ke5 40. Re3+ Kf4 41. Rf3+ Ke5 42. Re3+ Kf4 43. Rf3+ Ke5 44. Re3+ 1/2-1/2

[Event "IND-ch U15 Girls"]
[Site "Kolkata"]
[Date "2018.07.19"]
[Round "4"]
[White "Adane, Narayani"]
[Black "Mrudul, Dehankar"]
[Result "0-1"]
[WhiteElo "1726"]
[BlackElo "2093"]
[PlyCount "86"]
[EventDate "2018.07.17"]
[EventType "swiss"]
[EventRounds "11"]
[EventCountry "IND"]
[SourceTitle "CBM 186 Extra"]
[Source "ChessBase"]
[SourceDate "2018.08.24"]
[SourceVersion "1"]
[SourceVersionDate "2018.08.24"]
[SourceQuality "1"]

1. d4 Nf6 2. Nf3 g6 3. Bf4 Bg7 4. e3 0-0 5. Be2 d6 6. h3 b6 7. 0-0 Bb7 8. Nbd2 Nbd7 9. c3 c5 10. Bh2 Qc7 11. a4 a6 12. Bd3 cxd4 13. exd4 Nd5 14. Re1 N7f6 15. Qb3 Bh6 16. Ne4 Nh5 17. a5 b5 18. Bf1 Rac8 19. Nc5 Rb8 20. Nxb7 Qxb7 21. c4 bxc4 22. Qxb7 Rxb7 23. Bxc4 Nb4 24. g4 Nf4 25. h4 Ne6 26. Re2 d5 27. Ba2 Bg7 28. Rd2 Rb5 29. Bb1 Rc8 30. Rd1 Rc4 31. b3 Rc3 32. Kg2 Nc6 33. Bd3 Rbxb3 34. Bxa6 Rxf3 35. Bb7 Nexd4 36. a6 Rb2 37. Bg3 Be5 38. Bxe5 Rfxf2+ 39. Kh1 Nxe5 40. Bxd5 Rh2+ 41. Kg1 Nef3+ 42. Bxf3 Nxf3+ 43. Kf1 Rh1# 0-1

[Event "Mumbai Wealth op 3rd"]
[Site "Mumbai"]
[Date "2018.01.03"]
[Round "5"]
[White "Rakshitta, Ravi"]
[Black "Adane, Narayani"]
[Result "1-0"]
[WhiteElo "1950"]
[BlackElo "1691"]
[PlyCount "105"]
[EventDate "2017.12.30"]
[EventType "swiss"]
[EventRounds "9"]
[EventCountry "IND"]
[SourceTitle "CBM 182 Extra"]
[Source "ChessBase"]
[SourceDate "2018.02.23"]
[SourceVersion "1"]
[SourceVersionDate "2018.02.23"]
[SourceQuality "1"]

1. e4 c5 2. Nf3 e6 3. Nc3 a6 4. g3 Qc7 5. Bg2 d6 6. d4 cxd4 7. Nxd4 Nf6 8. 0-0 Be7 9. Re1 0-0 10. a4 Bd7 11. Be3 Nc6 12. Nxc6 Bxc6 13. a5 Nd7 14. Na4 Nf6 15. Nc3 Nd7 16. Na4 Bf6 17. c3 Rad8 18. Nb6 Nc5 19. Qc2 Rfe8 20. Bd4 Nd7 21. Bxf6 Nxf6 22. c4 Nd7 23. Nd5 Nf6 24. Nb6 Nd7 25. Nd5 Bxd5 26. exd5 e5 27. b4 Rc8 28. Rec1 b6 29. axb6 Qxb6 30. Bh3 Rc7 31. Bxd7 Rxd7 32. Qa4 Red8 33. c5 Qb8 34. c6 Rc7 35. Rcb1 Qb5 36. Qxb5 axb5 37. Ra5 Rb8 38. Rba1 Kf8 39. Ra7 Rxa7 40. Rxa7 Ke8 41. Rb7 Rc8 42. Rxb5 Rc7 43. Rb8+ Ke7 44. b5 Ra7 45. Rb7+ Rxb7 46. cxb7 Kd7 47. b8Q Ke7 48. Qc7+ Kf6 49. Qxd6+ Kf5 50. b6 e4 51. b7 h5 52. b8Q g6 53. Qf4# 1-0

[Event "Mumbai Wealth op 3rd"]
[Site "Mumbai"]
[Date "2018.01.01"]
[Round "3"]
[White "Aradhya, Garg"]
[Black "Adane, Narayani"]
[Result "1-0"]
[WhiteElo "2289"]
[BlackElo "1691"]
[PlyCount "81"]
[EventDate "2017.12.30"]
[EventType "swiss"]
[EventRounds "9"]
[EventCountry "IND"]
[SourceTitle "CBM 182 Extra"]
[Source "ChessBase"]
[SourceDate "2018.02.23"]
[SourceVersion "1"]
[SourceVersionDate "2018.02.23"]
[SourceQuality "1"]

1. d4 Nf6 2. Nf3 d5 3. c4 e6 4. Nc3 c6 5. e3 Nbd7 6. Qc2 Bd6 7. Be2 dxc4 8. a4 0-0 9. 0-0 Qe7 10. Bxc4 e5 11. h3 a5 12. Bb3 b6 13. Rd1 Bb7 14. e4 Rac8 15. dxe5 Nxe5 16. Nd4 Bb8 17. Nf5 Qc7 18. f4 Ng6 19. Nd6 Rcd8 20. e5 Ne8 21. Nce4 Nxd6 22. Nxd6 Qe7 23. Nxb7 Qxb7 24. Be3 Ba7 25. Qf2 Qe7 26. e6 fxe6 27. f5 Kh8 28. Bxe6 Ne5 29. Kh1 c5 30. Qg3 Qc7 31. Bf4 Bb8 32. Rxd8 Rxd8 33. Re1 Rd3 34. Qh2 Qc6 35. Bxe5 Bxe5 36. Qxe5 Rd8 37. f6 Qb7 38. Bd5 gxf6 39. Qxf6+ Qg7 40. Qxd8+ Qf8 41. Qxf8# 1-0

[Event "IND-ch U13 Girls 31st"]
[Site "Jalandhar"]
[Date "2017.06.29"]
[Round "11"]
[White "Adane, Narayani"]
[Black "Savitha Shri, B."]
[Result "1/2-1/2"]
[WhiteElo "1522"]
[BlackElo "1600"]
[PlyCount "64"]
[EventDate "2017.06.21"]
[EventType "swiss"]
[EventRounds "11"]
[EventCountry "IND"]
[SourceTitle "CBM 179 Extra"]
[Source "ChessBase"]
[SourceDate "2017.08.23"]
[SourceVersion "1"]
[SourceVersionDate "2017.08.23"]
[SourceQuality "1"]

1. d4 Nf6 2. Nf3 g6 3. Bf4 Bg7 4. e3 0-0 5. Be2 d6 6. 0-0 c5 7. c3 Bf5 8. Nbd2 Nbd7 9. h3 Nb6 10. Rc1 Rc8 11. Qb3 c4 12. Qd1 Re8 13. Re1 d5 14. b3 Ne4 15. Nxe4 Bxe4 16. Nd2 e5 17. dxe5 Bxe5 18. Bxe5 Rxe5 19. Nxe4 Rxe4 20. Bf3 Re7 21. Qd4 Qd6 22. e4 Rce8 23. Red1 Qa3 24. exd5 cxb3 25. axb3 Qxb3 26. Rb1 Qc4 27. Qxc4 Nxc4 28. d6 Rd7 29. Rxb7 Red8 30. Ra1 Rxb7 31. Bxb7 Nxd6 32. Rxa7 Nb5 1/2-1/2

[Event "IND-ch U13 Girls 31st"]
[Site "Jalandhar"]
[Date "2017.06.24"]
[Round "5"]
[White "Bhagyashree, Patil"]
[Black "Adane, Narayani"]
[Result "1-0"]
[WhiteElo "1742"]
[BlackElo "1522"]
[PlyCount "79"]
[EventDate "2017.06.21"]
[EventType "swiss"]
[EventRounds "11"]
[EventCountry "IND"]
[SourceTitle "CBM 179 Extra"]
[Source "ChessBase"]
[SourceDate "2017.08.23"]
[SourceVersion "1"]
[SourceVersionDate "2017.08.23"]
[SourceQuality "1"]

1. e4 c6 2. d4 d5 3. exd5 cxd5 4. Bd3 Nc6 5. c3 Qc7 6. h3 Nf6 7. Nf3 g6 8. 0-0 Bg7 9. Re1 0-0 10. Be3 Nh5 11. Nbd2 a6 12. Rc1 f5 13. Nf1 Bd7 14. Bc2 f4 15. Bd2 e5 16. dxe5 Nxe5 17. Nxe5 Bxe5 18. Nh2 Rad8 19. Nf3 Bg7 20. Bd3 Kh8 21. Qb3 Bc6 22. Ng5 Bd7 23. c4 Rde8 24. Rxe8 Rxe8 25. cxd5 Qb8 26. d6 Bf6 27. Qf7 Bxg5 28. Bc3+ Bf6 29. Bxf6+ Nxf6 30. Qxf6+ Kg8 31. Bc4+ Be6 32. Bxe6+ Rxe6 33. Qxe6+ Kg7 34. Qe7+ Kh6 35. d7 f3 36. d8Q Qxd8 37. Qxd8 fxg2 38. Qh4+ Kg7 39. Rc7+ Kf8 40. Qd8# 1-0

[Event "Wch U12 Girls"]
[Site "Batumi"]
[Date "2016.10.28"]
[Round "9"]
[White "Adane, Narayani"]
[Black "Nurgali, Nazerke"]
[Result "1-0"]
[WhiteElo "1688"]
[BlackElo "2126"]
[PlyCount "85"]
[EventDate "2016.10.19"]
[EventType "swiss"]
[EventRounds "11"]
[EventCountry "GEO"]
[SourceTitle "EXT 2018"]
[Source "ChessBase"]
[SourceDate "2017.10.13"]
[SourceVersion "1"]
[SourceVersionDate "2017.10.13"]
[SourceQuality "1"]

1. e4 c5 2. Nf3 Nc6 3. d4 cxd4 4. Nxd4 e6 5. Nc3 Nf6 6. Ndb5 Bb4 7. a3 Bxc3+ 8. Nxc3 d5 9. exd5 exd5 10. Bd3 0-0 11. 0-0 Bg4 12. f3 Be6 13. Bg5 Qb6+ 14. Kh1 Nd7 15. f4 f6 16. Qh5 f5 17. Qf3 Qc5 18. Rfe1 Rae8 19. Nb5 Nd4 20. Nxd4 Qxd4 21. Rad1 Qb6 22. Bh4 Qc6 23. Bf2 a6 24. Bd4 Nc5 25. Bxc5 Qxc5 26. Re5 Qb6 27. Rde1 Qd6 28. Bxf5 Bf7 29. Rxe8 Rxe8 30. Rxe8+ Bxe8 31. Qe3 Bf7 32. Qe5 Qxe5 33. fxe5 b6 34. Kg1 Kf8 35. Kf2 Ke7 36. Ke3 Be8 37. Kd4 Bc6 38. Bxh7 Kf7 39. Bf5 Bb7 40. Bg4 Ke7 41. Bf3 Ke6 42. c4 Ke7 43. cxd5 1-0

[Event "Wch U12 Girls"]
[Site "Batumi"]
[Date "2016.10.24"]
[Round "6"]
[White "Djordjevic, Nevena"]
[Black "Adane, Narayani"]
[Result "1-0"]
[WhiteElo "1391"]
[BlackElo "1688"]
[PlyCount "39"]
[EventDate "2016.10.19"]
[EventType "swiss"]
[EventRounds "11"]
[EventCountry "GEO"]
[SourceTitle "EXT 2018"]
[Source "ChessBase"]
[SourceDate "2017.10.13"]
[SourceVersion "1"]
[SourceVersionDate "2017.10.13"]
[SourceQuality "1"]

1. d4 Nf6 2. c4 e6 3. Nc3 d5 4. cxd5 exd5 5. Bg5 Nbd7 6. e3 c6 7. Bd3 Be7 8. Nf3 0-0 9. Qc2 h6 10. Bh4 Re8 11. 0-0 Ne4 12. Bxe7 Qxe7 13. b4 Ndf6 14. b5 Bd7 15. bxc6 Bxc6 16. Rae1 Rac8 17. Qb2 a6 18. Qc2 Nxc3 19. Qxc3 Ne4 20. Qc2 1-0

[Event "Wch U12 Girls"]
[Site "Batumi"]
[Date "2016.10.22"]
[Round "4"]
[White "Ehsani, Yassamin L"]
[Black "Adane, Narayani"]
[Result "1-0"]
[WhiteElo "1493"]
[BlackElo "1688"]
[PlyCount "81"]
[EventDate "2016.10.19"]
[EventType "swiss"]
[EventRounds "11"]
[EventCountry "GEO"]
[SourceTitle "EXT 2018"]
[Source "ChessBase"]
[SourceDate "2017.10.13"]
[SourceVersion "1"]
[SourceVersionDate "2017.10.13"]
[SourceQuality "1"]

1. e4 c5 2. Nc3 Nc6 3. f4 g6 4. Nf3 Bg7 5. Bc4 e6 6. f5 Nge7 7. fxg6 fxg6 8. d3 0-0 9. 0-0 a6 10. a4 d5 11. Ba2 Nd4 12. Bg5 Bf6 13. Bxf6 Rxf6 14. Nxd4 Rxf1+ 15. Qxf1 cxd4 16. Ne2 dxe4 17. Qf6 Qf8 18. Bxe6+ Bxe6 19. Qxe6+ Qf7 20. Qxe4 Rf8 21. Qxd4 Nf5 22. Qf2 Qe7 23. Rf1 Rc8 24. c3 Rd8 25. Ng3 Ne3 26. Re1 Rxd3 27. Nf1 Ng4 28. Rxe7 Nxf2 29. Kxf2 b5 30. axb5 axb5 31. Re3 Rd6 32. Ke2 Rb6 33. b4 Kf7 34. Ng3 Re6 35. Rxe6 Kxe6 36. Ke3 Kd5 37. Kd3 h5 38. Ne2 g5 39. Nd4 g4 40. Nxb5 h4 41. c4+ 1-0

[Event "IND-ch Challengers (Women) 43rd"]
[Site "Chennai"]
[Date "2016.06.25"]
[Round "11"]
[White "Aasha, CR."]
[Black "Adane, Narayani"]
[Result "0-1"]
[WhiteElo "1772"]
[BlackElo "1524"]
[PlyCount "82"]
[EventDate "2016.06.17"]
[EventType "swiss"]
[EventRounds "11"]
[EventCountry "IND"]
[SourceTitle "CBM 173 Extra"]
[Source "ChessBase"]
[SourceDate "2016.08.29"]
[SourceVersion "1"]
[SourceVersionDate "2016.08.29"]
[SourceQuality "1"]

1. d4 Nf6 2. Nf3 d5 3. e3 e6 4. Bd3 Be7 5. 0-0 0-0 6. Nbd2 b6 7. Ne5 c5 8. c3 Ba6 9. Qe2 Bxd3 10. Qxd3 Qc7 11. e4 Rd8 12. exd5 Nxd5 13. Qf3 Bf6 14. Ne4 Bxe5 15. dxe5 Nc6 16. Bg5 Rd7 17. Rae1 Nxe5 18. Qh5 Nd3 19. Rd1 Nxb2 20. Rd2 Nc4 21. Rd3 f5 22. Ng3 Ne5 23. Rd2 Nxc3 24. Rc2 Nd5 25. Re1 Nb4 26. Rce2 Nbd3 27. Rf1 g6 28. Qh3 Re8 29. f4 Nf7 30. Qh4 Nxg5 31. Qxg5 Qd8 32. Qh6 Qf6 33. Nh5 Qd4+ 34. Kh1 gxh5 35. Qxh5 Red8 36. h3 Qf6 37. Re3 Rg7 38. Qf3 Nb4 39. Rfe1 Re7 40. Qg3+ Kf7 41. Qf3 Nc2 0-1

[Event "IND-ch Challengers (Women) 43rd"]
[Site "Chennai"]
[Date "2016.06.21"]
[Round "7"]
[White "Singh, Neha"]
[Black "Adane, Narayani"]
[Result "0-1"]
[WhiteElo "1968"]
[BlackElo "1524"]
[PlyCount "129"]
[EventDate "2016.06.17"]
[EventType "swiss"]
[EventRounds "11"]
[EventCountry "IND"]
[SourceTitle "CBM 173 Extra"]
[Source "ChessBase"]
[SourceDate "2016.08.29"]
[SourceVersion "1"]
[SourceVersionDate "2016.08.29"]
[SourceQuality "1"]

1. e4 c5 2. Nf3 e6 3. d4 cxd4 4. Nxd4 a6 5. Bd3 Qc7 6. c4 Nf6 7. Nc3 Nc6 8. Nxc6 dxc6 9. 0-0 e5 10. Kh1 Be6 11. f4 exf4 12. Bxf4 Bd6 13. g3 0-0 14. Qe2 Nd7 15. Nd1 Rad8 16. Ne3 Be5 17. Rac1 Nc5 18. Bb1 Rd4 19. Rcd1 Rfd8 20. Nd5 Qd7 21. Rxd4 Bxd4 22. Ne3 Bxe3 23. Qxe3 Bxc4 24. Rc1 Ne6 25. Be5 f6 26. Bc3 Ng5 27. Ba5 Qd4 28. Qxd4 Rxd4 29. Bc3 Rd7 30. Kg2 Be6 31. Kf2 Nf7 32. b3 Bg4 33. Ke3 Ne5 34. Kf4 g5+ 35. Ke3 Kf7 36. Bc2 Be6 37. Bxe5 fxe5 38. Bd3 Rd4 39. Be2 Ke7 40. h4 g4 41. Bd3 Kd6 42. Kd2 c5 43. Kc3 b5 44. Rf1 b4+ 45. Kc2 c4 46. bxc4 Bxc4 47. Bxc4 Rxc4+ 48. Kb3 Rxe4 49. Rf6+ Kc5 50. Rxa6 Re3+ 51. Kb2 Rxg3 52. Rh6 e4 53. Rxh7 e3 54. Kc2 Kd4 55. Rd7+ Ke4 56. Re7+ Kd4 57. Rd7+ Ke5 58. Kd3 Rf3 59. Rb7 Kf4 60. Rxb4+ Kg3 61. h5 Kf2 62. Re4 g3 63. h6 g2 64. h7 Rf8 65. Rg4 0-1

[Event "Mumbai Wealth op U13"]
[Site "Mumbai"]
[Date "2016.01.31"]
[Round "4"]
[White "Adane, Narayani"]
[Black "Bhushita, Ahuja"]
[Result "1-0"]
[WhiteElo "1355"]
[BlackElo "1180"]
[PlyCount "87"]
[EventDate "2016.01.28"]
[EventType "swiss"]
[EventRounds "9"]
[EventCountry "IND"]
[SourceTitle "CBM 170 Extra"]
[Source "ChessBase"]
[SourceDate "2016.02.25"]
[SourceVersion "1"]
[SourceVersionDate "2016.02.25"]
[SourceQuality "1"]

1. e4 e5 2. Nf3 Nc6 3. d4 exd4 4. Bc4 h6 5. 0-0 Bc5 6. c3 dxc3 7. Bxf7+ Kxf7 8. Qd5+ Ke8 9. Qh5+ Kf8 10. Qxc5+ Qe7 11. Qxc3 d6 12. Re1 Bg4 13. h3 Bxf3 14. Qxf3+ Nf6 15. Nc3 Kg8 16. Bf4 Ne5 17. Qe2 Re8 18. Rad1 a6 19. Bg3 Qf7 20. Qc2 Nh5 21. Bh2 Kh7 22. Nd5 Qg6 23. Re3 c6 24. Nf4 Nxf4 25. Bxf4 Rhf8 26. Rg3 Qf6 27. Be3 Qe6 28. f4 Nc4 29. Bd4 Rg8 30. f5 Qf7 31. b3 Ne5 32. Bxe5 dxe5 33. Rg6 Qc7 34. Qc5 Rd8 35. Rdd6 Rxd6 36. Rxd6 Re8 37. b4 Re7 38. g4 Kg8 39. h4 Kf7 40. g5 hxg5 41. hxg5 Kf8 42. f6 gxf6 43. gxf6 b6 44. fxe7+ 1-0

[Event "IND-ch U11 Girls"]
[Site "Odisha"]
[Date "2014.07.27"]
[Round "5"]
[White "Adane, Narayani"]
[Black "Swera, Ana Braganza"]
[Result "0-1"]
[WhiteElo "1334"]
[BlackElo "1434"]
[PlyCount "170"]
[EventDate "2014.07.24"]
[EventType "swiss"]
[EventRounds "11"]
[EventCountry "IND"]
[SourceTitle "CBM 161 Extra"]
[Source "ChessBase"]
[SourceDate "2014.08.29"]
[SourceVersion "1"]
[SourceVersionDate "2014.08.29"]
[SourceQuality "1"]

1. e4 e5 2. Nf3 Nc6 3. Bc4 Nf6 4. d3 Bc5 5. c3 d6 6. h3 h6 7. Bb3 Bb6 8. Nbd2 0-0 9. g4 Nh7 10. Nf1 Be6 11. Bc2 d5 12. Qe2 f6 13. Ng3 d4 14. Nf5 Ng5 15. h4 Nxf3+ 16. Qxf3 Bxf5 17. gxf5 Kh7 18. Qg4 Qe8 19. Rg1 Qe7 20. Qg6+ Kh8 21. Bb3 Rad8 22. Rg3 Nb8 23. Bd2 Na6 24. Ke2 Nc5 25. Bc4 Qd7 26. Rag1 dxc3 27. bxc3 Nxe4 28. Qxg7+ Qxg7 29. Rxg7 Nxd2 30. Kxd2 Bxf2 31. R1g2 Bxh4 32. Rxc7 Bg5+ 33. Kc2 Rb8 34. Bd5 Rfd8 35. Rxb7 Rxb7 36. Bxb7 h5 37. c4 Rd7 38. Be4 Kg7 39. c5 Kf8 40. c6 Rc7 41. Kc3 Ke7 42. Kc4 Kd6 43. Kb5 h4 44. Ka6 Bf4 45. Rb2 h3 46. Rb7 Be3 47. Rb2 Bg1 48. Kb5 h2 49. Kc4 Rxc6+ 50. Kb3 Rb6+ 51. Kc2 Rxb2+ 52. Kxb2 Kc5 53. Kc3 Bd4+ 54. Kb3 Kd6 55. Kc4 Ke7 56. Kd5 Bb2 57. a4 Ba3 58. Bh1 Bc1 59. Bf3 Kf7 60. Ke4 Kg7 61. Bh1 Kh6 62. Kf3 Kg5 63. Ke4 Kg4 64. a5 Kg3 65. a6 Kf2 66. d4 exd4 67. Kxd4 Kg1 68. Bb7 h1Q 69. Bxh1 Kxh1 70. Ke4 Kg2 71. Kd4 Kf3 72. Kd5 Kf4 73. Ke6 Bb2 74. Kf7 Kxf5 75. Kg7 Ke4 76. Kg6 f5 77. Kg5 f4 78. Kg4 f3 79. Kg3 Ke3 80. Kg4 f2 81. Kg3 f1Q 82. Kg4 Qf4+ 83. Kh5 Qg3 84. Kh6 Qg4 85. Kh7 Qg7# 0-1